| 000 | 01650cam a22004694i 4500 | ||
|---|---|---|---|
| 003 | PE-LiUPU | ||
| 005 | 20250731173025.0 | ||
| 008 | 150623s1999 pau rb 000 0 eng d | ||
| 020 | _a1563382687 | ||
| 035 | _a(Sirsi) i9781563382680 | ||
| 040 |
_aPE-LiUPU _bspa _cPE-LiUPU _erda |
||
| 049 | _aPRUA | ||
| 082 | 0 | 4 |
_a296.3872 _bD32 _221 |
| 100 | 1 |
_aDavies, William David, _eautor. |
|
| 245 | 1 | 0 |
_aChristian engagements with Judaism / _cW.D. Davies. |
| 264 | 1 |
_aHarrisburg, Pennsylvania : _bTrinity Press International, _c1999. |
|
| 300 |
_a321 páginas ; _c24 centímetros |
||
| 336 |
_atext _2rdacontent |
||
| 337 |
_aunmediated _2rdamedia |
||
| 338 |
_avolume _2rdacarrier |
||
| 504 | _aIncluye bibliografía. | ||
| 505 | 0 | _aJudaism and Christianity -- Paul and Judaism -- The Jewish background of the gospels -- An american interpretation of Judaism. | |
| 526 | _aSEG42 | ||
| 526 | _aSEG41 | ||
| 526 | _aSEG40 | ||
| 526 | _aSEG39 | ||
| 526 | _aP94 | ||
| 526 | _aP87 | ||
| 526 | _aP86 | ||
| 526 | _aP85 | ||
| 526 | _aP77 | ||
| 526 | _aP76 | ||
| 526 | _aP35 | ||
| 650 | 0 | 4 |
_aCristianismo y otras religiones _xJudaísmo. _91491 |
| 650 | 0 | 4 |
_aJudaísmo _xRelaciones _vCristianismo. |
| 942 |
_2ddc _cBOOK |
||
| 949 |
_a296.387 2 D32 _wDEWEY _c1 _i47896 _lCCODEBUL1 _mBUL _r0 _sY _tBOOK _u2015-6-24 _xTEOLOGIA _PP35 _0COMPRA _o.STAFF. Colección General |
||
| 994 |
_aC0 _bPEPRU |
||
| 596 | _a1 | ||
| 999 |
_a296.3872 D32 _wDEWEY _c24369 _i47896 _f2021-11-11 _g5 _lCCODEBUL1 _mBUL _p10.00 _r0 _sY _tBOOK _u2015-6-24 _xTEOLOGIA _PP35 _0COMPRA _o.STAFF. Colección Teología _d24369 |
||
| 980 |
_81 _gALBERTO SANCHEZ Responsable de Automatización |
||